Kmitanie pružnej tyče s osamelými hmotami vo voľnom a väzko-elastickom prostredí. /
Uložené v:
| Hlavný autor: | |
|---|---|
| Médium: | Rukopis Kniha |
| Vydavateľské údaje: |
Bratislava :
VÚV,
1981
|
| Tagy: |
Žiadne tagy, Buďte prvý, kto otaguje tento záznam!
|
MARC
| LEADER | 00000ntm a22000003a 4500 | ||
|---|---|---|---|
| 001 | stu47804 | ||
| 005 | 20150617225711.4 | ||
| 008 | ------s1981----cs----------------------d | ||
| 040 | |a STU |b slo | ||
| 041 | 0 | ||
| 044 | |a cs | ||
| 080 | |a 534.232 | ||
| 080 | |a 69.056.1 | ||
| 100 | 1 | |a Čukáš, Ján |4 aut | |
| 245 | 1 | |a Kmitanie pružnej tyče s osamelými hmotami vo voľnom a väzko-elastickom prostredí. / |c [aut.] Čukáš,Ján | |
| 260 | |a Bratislava : |b VÚV, |c 1981 | ||
| 300 | |a 180 s | ||
| 996 | |b J70831 |c J*70831/DIZ. |l JJSK |s A |a 24 |w stu47804_0001 | ||